00625nam a2200157 a 450000100100000000500170001000800410002704000250006808200150009310000260010824500470013426000620018130000210024395201860026499900170045000003484020200930073933.0111020s1947 cu 000 0 spa d aDO-SdBNPbspacBNPHU axxxbS468q1 aSelsam, Howard96036710a¿Que es la filosofía? /cHoward Selsam. aLa Habana :aBuenos Aires, Argentina :bPáginas,c1947. a189 p. ;c20 cm. 001050718RVaGRbGRcCTd2011-10-20iLF1l0oxxx S468qp34840-10r2020-06-25w2020-06-25y1zPerteneció a la biblioteca personal de Juan Isidro Jimenes- GrullónZNo se presta c34331d34331